Faculty of Law Library — Cairo University

Official Online Catalog

Local democracies : (Record no. 47560)

MARC details
000 -LEADER
fixed length control field 01065nac a2200325 i 4500
003 - CONTROL NUMBER IDENTIFIER
control field EG-GICUC
005 - DATE AND TIME OF LATEST TRANSACTION
control field 20260121101409.0
008 - FIXED-LENGTH DATA ELEMENTS--GENERAL INFORMATION
fixed length control field 841004s1983 at a frb 001 0 eng d
020 ## - INTERNATIONAL STANDARD BOOK NUMBER
International Standard Book Number 0582712203
020 ## - INTERNATIONAL STANDARD BOOK NUMBER
International Standard Book Number 9780582712201
040 ## - CATALOGING SOURCE
Original cataloging agency DLC
Transcribing agency DLC
Modifying agency DLC
-- EG-GICUC
Language of cataloging eng
Description conventions rda
050 00 - LIBRARY OF CONGRESS CALL NUMBER
Classification number JS78
Item number .L595 1983
082 00 - DEWEY DECIMAL CLASSIFICATION NUMBER
Classification number 342.512
Edition number 21
092 04 - LOCALLY ASSIGNED DEWEY CALL NUMBER (OCLC)
Edition number 21
099 ## - LOCAL FREE-TEXT CALL NUMBER (OCLC)
Classification number Law 08 1983
245 00 - TITLE STATEMENT
Title Local democracies :
Remainder of title a study in comparative local government /
Statement of responsibility, etc. edited by Margaret Bowman, William Hampton.
264 ## - PRODUCTION, PUBLICATION, DISTRIBUTION, MANUFACTURE, AND COPYRIGHT NOTICE
Place of production, publication, distribution, manufacture Melbourne, Australia :
Name of producer, publisher, distributor, manufacturer Longman Cheshire,
Date of production, publication, distribution, manufacture, or copyright notice 1983.
300 ## - PHYSICAL DESCRIPTION
Extent viii, 207 page :
Other physical details illustrations ;
Dimensions 22 cm.
336 ## - CONTENT TYPE
Content type term text
Content type code txt
Source rdacontent
337 ## - MEDIA TYPE
Media type term unmediated
Media type code n
Source rdamedia
338 ## - CARRIER TYPE
Carrier type term volume
Carrier type code nc
Source rdacarrier
504 ## - BIBLIOGRAPHY, ETC. NOTE
Bibliography, etc. note Includes bibliographies and index.
650 #0 - SUBJECT ADDED ENTRY--TOPICAL TERM
Topical term or geographic name entry element Local government.
650 #0 - SUBJECT ADDED ENTRY--TOPICAL TERM
Topical term or geographic name entry element Comparative government.
700 1# - ADDED ENTRY--PERSONAL NAME
Personal name Bowman, Margaret.
700 1# - ADDED ENTRY--PERSONAL NAME
Personal name Hampton, William
Fuller form of name (William A.)
856 40 - ELECTRONIC LOCATION AND ACCESS
Uniform Resource Identifier <a href="https://fll.law.cu.edu.eg/fulltext/bks/ENGB08-00066.pdf">https://fll.law.cu.edu.eg/fulltext/bks/ENGB08-00066.pdf</a>
905 ## - Cataloger and Reviser Names
Cataloger Name: Hend El khosy
942 ## - ADDED ENTRY ELEMENTS (KOHA)
Source of classification or shelving scheme Dewey Decimal Classification
Koha item type Books
Edition 21
Suppress in OPAC No
Holdings
Withdrawn status Lost status Source of classification or shelving scheme Damaged status Not for loan Collection Home library Current library Date acquired Total checkouts Full call number Barcode Date last seen Copy number Price effective from Koha item type Public note
    Dewey Decimal Classification     القانون الدستوري جــــامعة القــاهرة مكتبة كلية الحقوق - فـرع الشيخ زايد 01.12.2025   Law2 08 342.512 LO 1983 0800066 C1 ENGB08-00066 01.12.2025 1 01.12.2025 Books 2123

© All rights reserved — Faculty of Law, Cairo University

Implemented and Customized by: Eng. M. Mohamady